MDQL
is popping MORE tags! Check the
thread
!
Quizzes
Events
Quiz Creation
Community
Videos
Private Events
Remove Ads
Sign In
Join for FREE
Feedback
Dark Mode
Quiz Categories
Sports
Geography
Music
Movies
Television
Just For Fun
Miscellaneous
History
Literature
Language
Science
Gaming
Entertainment
Religion
Holiday
For Kids
Quiz Lab
Recent
Popular Today
Quiz Kudos Today
Editor Picks
Curator Picks
Quizzes by...
Day
Popularity
Type
Ratings
Length
Year
Community
Subscriptions
Recent Discussions
Orange Saloon
Badges
Playlists
Quests
Create
Leaderboards
Showdown
Live 5
Trivia Bingo
Activity
Puzzle Library
Sporcle Events
Private Events
Virtual Trivia
Globe League
Become a Host
Pub Owners
SporcleCon
Opinionation
Our Games
Videos
Blog
Mobile Apps
Partnerships
Remove Ads and Go Orange
Feedback
Music
Pop Music
The Beatles
Song
Album
Lyrics
Bands
Singers
Artist
Clip
Rock
Rap
Classical
Billboard
Country Music
Kpop
Taylor Swift
Music
Pop Music
The Beatles
Song
Album
Lyrics
Bands
Singers
Artist
Clip
Rock
Rap
Classical
Billboard
Country Music
Kpop
Taylor Swift
Random Quiz
Search Sporcle
×
Quiz Lab
Quiz Lab
Music
Perry
Click on answers out of a set of options
Click on answers out of a set of options
Multiple Choice
Best Score? Go Orange.
Katy Perry Missing Lyrics Stats
Can you choose the Katy Perry Missing Lyrics?
By
morphsuit
5m
11 Questions
70 Plays
70 Plays
70 Plays
Comments
Comments
Give Quiz Kudos
Give Quiz Kudos
-
- Ratings
hide this ad
Random Order
Randomize order of answers
Randomize order of answers
Replay
Link that replays current quiz
Next Quiz
Link to next quiz in quiz playlist
You Got
0%
They Got
Avg Score
68%
Avg Friend Score
Upgrade to see
Score Distribution
Jump to the score distribution portion of the page
Score
0/11
Timer
05:00
0
Plays Today
Question
Answer
Wrong Answers
Slow cooking pancakes for my boy, still up, still fresh like a _____
daisy
82.9%
lily
7.1%
dairy
1.4%
tiny
2.9%
________ after high school, when we first _______, We'd make out in your Mustang to Radiohead
Summer; met
82.9%
Spring; meet
0%
Summer; meet
10%
Spring; met
2.9%
Got me _________ like a ___________, bon appetit, baby
spread; buffet
80%
spread; booth A
4.3%
red; booth A
2.9%
red; buffet
7.1%
Skip the ______, heard it all, time to _____ the _____
talk; walk; walk
77.1%
walk; talk; walk
5.7%
walk; walk; talk
2.9%
walk; walk; walk
7.1%
I lose all ________, slipping into ________
directions; quicksand
77.1%
partners; mud land
4.3%
partners; dump sand
2.9%
directions; dump sand
8.6%
Falling from ___________________, crashing from the high, I'm _______________ tonight
cloud nine; letting go
75.7%
heaven; letting in
1.4%
cloud nine; letting in
8.6%
heaven; letting go
8.6%
Turn it up, It's your favorite song, Dance, dance,dance to the _____, Turn it up, Keep it on repeat, Stumbling like a wasted ______
distortion; zombie
72.9%
rhythm; mummy
8.6%
rhythm; zombie
10%
distortion; mummy
2.9%
Swish, swish, _______, Another one in the _______; Can't _____ this, Another one in the ______.
bish; basket; touch; casket
71.4%
bish; casket; touch; basket
8.6%
bitch; basket; touch; casket
10%
bitch; casket; touch; basket
2.9%
A big beautiful brain with a pretty face, yeah; A baby doll with a _____, yeah
briefcase
61.4%
suitcase
12.9%
uppercase
12.9%
lowercase
7.1%
Just when I think I can't take anymore, We go _____ and _____ than ever before
deeper; harder
52.9%
harder; harder
8.6%
deeper; deeper
25.7%
harder; deeper
8.6%
How do I get, _____ you, When you keep, It all _____
Closer to; pause
15.7%
Closer to; mute
60%
Away from; pause
10%
Away from; mute
10%
Quiz Playlist
Details
Report
Send in Message
Add To Playlist
Multiple Choice:
Click on answers out of a set of options
Random Order:
Randomize order of answers
Last Updated: Feb 10, 2018
Quiz Scoreboard
CHALLENGE
Sign Up to Join the Scoreboard
Show All
Scores
Hide
Comments
May contain spoilers
Recently Published
Image Sorting: Flags VI
by Barbecue
Geography
2m
Find the 'City' Movie
by crazypaving
Movies
60s
Colored Red Africa Blitz
by spor1
Geography
45s
More to Explore
Quiz From the Vault
Featured Blog Post
14 Easter Pick-up Lines to Find Eggs With
hide this ad
You Might Also Like...
Tags
Katy
Katy Perry
Missing Lyrics
Perry
Today's Top Quizzes in Music
Browse Music
hide this ad
Today's Top Quizzes in Perry
Browse Perry
Top Contributed Quizzes in Music
1
5X2 Blitz: Bands II
2
5X2 Blitz: The Beatles
3
Taylor Swift All Songs (2024)
4
5X2 Blitz: Billboard
5
5X2 Blitz: Billboard II
6
5X2 Blitz: Album
7
5X2 Blitz: Rock
8
5X2 Blitz: Singers
9
Taylor Swift Logic Puzzle II
10
5X2 Blitz: Lyrics
Explore More
Trending Topics
Harry Potter
Marvel
Crossword
NBA
Kpop
Disney
Anime
The Office
WWE
Puzzle
Soccer
NFL
Country
Song
Pokémon
hide this ad
More By:
morphsuit
Quiz
Plays
Rating
Category
Featured
Created
Katy Perry Missing Lyrics
70
4.00
Music
Feb 10, 2018
Go to Creator's Profile
Score Distribution
Quiz Creator Spotlight
morphsuit
Follow
Send a Message
Quizzes Created
-
Created Quiz Play Count
-
More By This Creator
Popular Quizzes Today
1
Colored Red Africa Blitz
2
Find the US States - No Outlines Minefield
3
Find the 'City' Movie
4
5x2 Blitz: Bands
5
The Countries of the World
6
Find the US States
7
Find the Countries of Europe - No Outlines Minefield
8
US States
More Music Quizzes
Taylor Swift - folklore (bridges)
Quiz Lab
Trending Quizzes
Colored Red Europe Blitz I
Colored Red Europe Blitz II
Colored Red Africa Blitz II
Colored Red Europe Blitz III
Colored Red Africa Blitz III
Recently Updated
How Do You Spell That?
pecheneg
Godzilla Movies
pecheneg
Grab Bag: 4-10 Letters
pecheneg
2024 March Madness Bracket
pecheneg
Famous TV Couples
Peacemaker
Champions League XIs: Real Madrid
pecheneg
Largest US Cities 1790-2010
pecheneg
Rides in Walt Disney World
pecheneg
Most Oscar Losses (Acting)
pecheneg
Beyoncé Albums
pecheneg
Trending Topics
Harry Potter
Kpop
NBA
Disney
Anime
Marvel
Crossword
Soccer
Puzzle
Song
NFL
Country
WWE
Pokémon
The Office
Your Account Isn't Verified!
In order to create a playlist on Sporcle, you need to verify the email address you used during registration. Go to your
Sporcle Settings
to finish the process.
Report this User
Report this user for behavior that violates our
Community Guidelines
.
Details:
Send Report
Go to the Sporcle.com Mobile Site →
Comments